| 000 | 00427nam a22001577a 4500 | ||
|---|---|---|---|
| 999 |
_c5986 _d5984 |
||
| 005 | 20210827122530.0 | ||
| 008 | 190911b xxu||||| |||| 00| 0 eng d | ||
| 020 | _a978-93-5230-191-1 | ||
| 041 | _aeng | ||
| 100 |
_aMOHANTA, GURU. PRASAD AND MANNA, PRABAL KUMAR _95081 |
||
| 245 | _aPHARMACEUTICS; A PRACTICAL MANUAL | ||
| 250 | _aREV. ED. 2017 | ||
| 260 |
_aHYDERABAD _bPHARMAMED PRESS _c2017 |
||
| 300 | _a109p, | ||
| 942 | _cBK | ||